000 00642nam a2200253Ia 4500
005 20250425162735.0
008 250425s9999 xx 000 0 und d
020 _a0030248019
041 _aeng
082 _a658.8
100 _aFERRELL, O C
245 0 _aMARKETING STRATEGY
250 _a1ST ED.
260 _aEstados Unidos
_bHARCOURT BRACE & COMPANY
_c1998
260 _aS.L.
300 _a405
500 _aDONADO POR GUILLERMO AROSEMENA
650 _aMARKETING
650 _aPLANIFICACION DE DESARROLLO
650 _aPLANIFICACION ESTRATEGICA
710 _aHARCOURT BRACE & COMPANY
942 _c01
010 _a104408
999 _c235452
_d235452